| 000 | 01002cam a2200289 i 4500 | ||
|---|---|---|---|
| 001 | 62275 | ||
| 003 | Mx-PuUPA | ||
| 005 | 20260305142216.0 | ||
| 008 | 150318s2009 mx gr 000 0 spa d | ||
| 020 | _a9789702407843 | ||
| 040 |
_cmx _aMx-PuUPA _bspa _dMx-PuUPA _erda |
||
| 041 | 0 | _aspa | |
| 100 | 1 |
_aHernández Herrera, Juan, _eautor _92841 |
|
| 245 | 1 | 0 |
_aDerecho laboral : _bsu importancia y aplicación en la empresa / _cJuan Hernández Herrera, Carlos a. Juárez Suárez |
| 250 | _aSegunda edición | ||
| 264 | 1 |
_aMéxico, D.F. : _bGrupo Editorial Patria, _c©2007 |
|
| 300 |
_axiii, 311 páginas ; _c21 cm |
||
| 336 |
_atexto _2rdacontent _btxt |
||
| 337 |
_asin medio _2rdamedia _bn |
||
| 338 |
_avolumen _2rdamedia _bnc |
||
| 650 | 7 |
_2armarc _aDerecho laboral _zMéxico |
|
| 650 | 7 |
_2armarc _aRelaciones industriales _zMéxico |
|
| 700 | 1 |
_aJuárez Suárez, Carlos A., _eautor _92842 |
|
| 942 |
_2ddc _cLI _h344.7201 _iH53 |
||
| 999 |
_c62275 _d62275 |
||